000 00361nam a2200145Ia 4500
008 231129s1985||||xx |||||||||||||| ||spa||
020 _a84-335-8435-9
040 _bspa
082 _a738.1 G516h
100 _aGiral Maria Dolores
245 0 _aHagamos ceramica
260 _c1985
264 _aLabor
942 _2ddc
_cBKS
999 _c14902
_d14902